Understanding the Bible. (Record no. 3337)

000 -LEADER
fixed length control field 00684nam a2200193 a 4500
001 - CONTROL NUMBER
control field :::00001067$&:&@@
003 - CONTROL NUMBER IDENTIFIER
control field OkBaRHE
005 - DATE AND TIME OF LATEST TRANSACTION
control field 20000607103241.0
008 - FIXED-LENGTH DATA ELEMENTS--GENERAL INFORMATION
fixed length control field s1984 j 000 0 eng u
040 ## - CATALOGING SOURCE
Transcribing agency
100 1# - MAIN ENTRY--PERSONAL NAME
Personal name Stott, John R. W.
245 10 - TITLE STATEMENT
Title Understanding the Bible.
Statement of responsibility, etc [Illustrated by Annie Valloton ; maps by Liz Leyland and Jenny Grayston].
250 ## - EDITION STATEMENT
Edition statement Revised edition.
260 ## - PUBLICATION, DISTRIBUTION, ETC. (IMPRINT)
Place of publication, distribution, etc Grand Rapids, MI., :
Name of publisher, distributor, etc Zondervan Publishing House
Date of publication, distribution, etc 1984
300 ## - PHYSICAL DESCRIPTION
Extent 192 p. : illus. ;
Dimensions 21 cm.
650 ## - SUBJECT ADDED ENTRY--TOPICAL TERM
Topical term or geographic name as entry element Bible
General subdivision Criticism, Interpretation, etc.
942 ## - ADDED ENTRY ELEMENTS (KOHA)
Source of classification or shelving scheme
Koha item type Books
Copies
Permanent Location Copy number Shelving location Koha item type Price effective from Not for loan Full call number Withdrawn status Source of classification or shelving scheme Lost status Damaged status Date last seen Date acquired Barcode
RHEMA Bible Training College1General StacksBooks2010-04-14 BS 511.2 .S86    2010-04-142010-04-141067